Línea discontinua

Wedi'i Gadw mewn:
Manylion Llyfryddiaeth
Prif Awdur: Correa, Isidora (Awdur)
Fformat: Llyfr
Iaith:Sbaeneg
Saesneg
Cyhoeddwyd: Santiago Sala Gasco Arte Contemporáneo 2011
Rhifyn:1a. ed
Pynciau:
Tagiau: Ychwanegu Tag
Dim Tagiau, Byddwch y cyntaf i dagio'r cofnod hwn!

MARC

LEADER 00000cam a2200000 a 4500
001 UCC4620
003 CL-VaPUC
008 180817e20110000cl |||||||||||||||||spa|d
041 0 7 |a spa  |2 CL-VaPUC 
041 0 7 |a eng  |2 CL-VaPUC 
082 0 4 |a 709.83  |b COR  |2 21 
100 0 |a Correa, Isidora  |e author  |9 598832 
245 1 0 |a Línea discontinua 
246 1 0 |a Broken line 
250 |a 1a. ed 
300 |a 26 p 
942 |c BK 
945 |d 20180817 12:57:00  |a dcastane 
260 |a Santiago  |b Sala Gasco Arte Contemporáneo  |c 2011 
650 0 |a Arte contemporáneo chileno  |9 464579 
650 0 |a Artes visuales  |9 336870 
650 0 |a Artistas chilenos  |9 344566 
583 |a last modification  |c 20180817 12:57:00  |k Rodrigo Vera 
999 |c 372072  |d 372070 
952 |0 0  |1 0  |3 erb  |4 0  |6 709_830000000000000_COR_2011  |7 0  |8 R  |9 489332  |a BIBART  |b BIBART  |i 5487951  |o 709.83 COR 2011  |p 5487951  |r 2025-03-13  |w 2019-11-24  |y BK_R  |z Catalogado en:20180817  |k ART 
952 |0 0  |1 0  |3 erb  |4 0  |6 709_830000000000000_COR_2011  |7 0  |8 R  |9 489333  |a BIBART  |b BIBART  |i 5487943  |l 1  |o 709.83 COR 2011  |p 5487943  |r 2025-03-13  |s 2022-06-15  |w 2019-11-24  |y BK_R  |z Catalogado en:20180817  |k ART